[Event "Europabad240214"]
[Site "http://www.queenalice.com/game.php?id=1256910"]
[Date "2014.2.15"]
[Round "-"]
[White "Schichtl"]
[Black "talsicht"]
[Result "1-0"]
[WhiteElo "1680"]
[BlackElo "1134"]

1. e4 e6 2. e5 g6 3. d4 d5 4. Nf3 h6 5. Bd3 Ne7 6. O-O Bg7 7. Nc3 O-O 8. Nb5
Nec6 9. c3 f6 10. Bxg6 fxe5 11. Bc2 exd4 12. Qd3 Qe8 13. Qh7+ Kf7 14. Bg6+ Kf6
15. Bxe8 Rxe8 16. Nxc7 Rh8 17. Qd3 Ne5 18. Nxe5 Kxe5 19. Qxd4+ Kf5 20. Qxg7 Re8
21. Qf7+ Ke5 22. Qf4# 1-0

[Event "Allgäu"]
[Site "http://www.queenalice.com/game.php?id=1256916"]
[Date "2014.2.15"]
[Round "-"]
[White "whitehope"]
[Black "talsicht"]
[Result "1-0"]
[WhiteElo "1435"]
[BlackElo "1134"]

1. e4 e5 2. Bc4 d6 3. Qf3 Nh6 4. d3 Bg4 5. Bxf7+ Nxf7 6. Qxg4 Nh6 7. Qh3 Nc6 8.
c3 g5 9. Qh5+ Nf7 10. Nf3 Rg8 11. h4 g4 12. Ng5 Rg7 13. Nxh7 Be7 14. Bg5 Rxg5
15. hxg5 Qd7 16. g6 Nfd8 17. g7+ Nf7 18. g8=Q+ Bf8 19. Nf6+ Ke7 20. Qgxf7+ Kd8
21. Qxf8+ Qe8 22. Qfxe8# 1-0

[Event "Bad Endorf"]
[Site "http://www.queenalice.com/game.php?id=1256917"]
[Date "2014.2.15"]
[Round "-"]
[White "Schichtl"]
[Black "talsicht"]
[Result "0-1"]
[WhiteElo "1682"]
[BlackElo "1126"]

1. e4 e5 2. Bc4 d6 3. Qf3 Nh6 4. d3 Bg4 5. Qe3 Qd7 6. f3 Bh5 7. Nc3 Be7 8. Nd5
Bh4+ 9. g3 Bd8 10. Bd2 c6 11. Nc3 d5 12. Bb3 d4 13. Qe2 dxc3 14. Bxc3 Qd6 15.
O-O-O Bg5+ 16. Bd2 Qg6 17. g4 Nxg4 18. fxg4 Bxg4 19. Qxg4 Bxd2+ 20. Rxd2 Qxg4
21. c3 Na6 22. Bd1 Qg5 23. Nf3 Qf6 24. Rg1 O-O 25. Rg5 Nc5 26. Rxe5 b6 27. d4
Nd7 28. Rf5 Qe6 29. Ng5 Qxa2 30. Bf3 Qa1+ 31. Kc2 b5 32. e5 Nb6 33. Bxc6 Rab8
34. Bxb5 Nd5 35. Bc4 Ne3+ 36. Kd3 Nxf5 37. Rf2 Qb1+ 38. Ke2 Ng3+ 39. Kf3 Nh1 40.
Re2 Rbc8 41. b3 h6 42. Ne4 a5 43. Kg2 h5 44. d5 h4 45. d6 Qd1 46. e6 fxe6 47.
Bxe6+ Kh8 48. Rd2 Qf1# 0-1

[Event "xxx"]
[Site "http://www.queenalice.com/game.php?id=1256942"]
[Date "2014.2.15"]
[Round "-"]
[White "whitehope"]
[Black "talsicht"]
[Result "1-0"]
[WhiteElo "1503"]
[BlackElo "1126"]

1. e4 e5 2. Qh5 Nf6 3. Bc4 Nxh5 4. Nf3 d6 5. d3 c6 6. Ng5 Nf4 7. Nxf7 Qf6 8.
Nxh8 b5 9. Bxf4 exf4 10. Bf7+ Ke7 11. Nd2 Qxb2 12. O-O Qxc2 13. Nf3 Qxd3 14. h3
Qxe4 15. Rae1 Qxe1 16. Rxe1+ Kd7 17. Be6+ Kc7 18. Bxc8 Kxc8 19. Re8+ Kd7 20.
Rxf8 Ke7 21. Rxf4 Nd7 22. Nf7 Nf6 23. N7g5 h6 24. Ne4 Nd5 25. Rg4 Rg8 26. Nd4 c5
27. Nc6+ Kd7 28. Nxa7 c4 29. Nxb5 h5 30. Rg5 Nb4 31. Nbxd6 Nxa2 32. Nxc4 Nc3 33.
Nxc3 Rc8 34. Rxg7+ Kc6 35. Ne5+ Kc5 36. Rh7 Kb4 37. Nd5+ Kc5 38. Ne3 Kd6 39.
Rxh5 Rc5 40. Nf7+ Kc6 41. Rxc5+ Kxc5 42. h4 Kc6 43. h5 Kd7 44. h6 Ke6 45. h7
Kxf7 46. h8=Q Kg6 47. g4 Kf7 48. g5 1-0

[Event "Challenge"]
[Site "http://www.queenalice.com/game.php?id=1256945"]
[Date "2014.2.15"]
[Round "-"]
[White "Schichtl"]
[Black "talsicht"]
[Result "1-0"]
[WhiteElo "1682"]
[BlackElo "1126"]

1. e4 e5 2. Qh5 Nf6 3. Qxe5+ Be7 4. b3 O-O 5. Bb2 Nc6 6. Qf4 Bb4 7. e5 Nh5 8.
Qe4 Re8 9. Bd3 Nxe5 10. Qxh7+ Kf8 11. Be2 Re6 12. Qxh5 Qf6 13. c3 Bc5 14. d4 g6
15. Qh6+ Qg7 16. Qxg7+ Kxg7 17. dxc5 Nd3+ 18. Kd2 Nxf2 19. c4+ Kf8 20. Nh3 Nxh1
21. Nc3 b6 22. Nb5 c6 23. Nc7 Rb8 24. Nxe6+ fxe6 25. Rxh1 bxc5 26. Rf1+ Ke8 27.
Bd3 d5 28. Bxg6+ Kd7 29. Be5 Ke7 30. Bxb8 dxc4 31. bxc4 a5 32. Rf7+ Ke8 33. Ng5
e5 34. Bc7 Ba6 35. Ne6 Bxc4 36. Rg7# 1-0

[Event "karelisches Dorf"]
[Site "http://www.queenalice.com/game.php?id=1261190"]
[Date "2014.3.1"]
[Round "-"]
[White "talsicht"]
[Black "Schichtl"]
[Result "0-1"]
[WhiteElo "1126"]
[BlackElo "1616"]

1. d4 e6 2. Qd3 Nc6 3. a3 g6 4. e4 Bg7 5. d5 Ne5 6. Qd4 Qh4 7. Nf3 Qh5 8. Qe3
Nf6 9. Nbd2 Bh6 10. Qc3 d6 11. Bb5+ Nfd7 12. b3 a6 13. Ba4 b5 14. Bxb5 axb5 15.
a4 Bg7 16. Nd4 c5 17. O-O cxd4 18. Qb4 d3 19. c3 Ng4 20. h3 Be5 21. hxg4 Qh2#
0-1

[Event "hoffnungslos"]
[Site "http://www.queenalice.com/game.php?id=1261220"]
[Date "2014.3.1"]
[Round "-"]
[White "talsicht"]
[Black "Schichtl"]
[Result "0-1"]
[WhiteElo "1126"]
[BlackElo "1620"]

1. Nf3 f6 2. Nc3 c6 3. e4 e5 4. Nh4 d6 5. Nf5 Ne7 6. Nxd6+ Qxd6 7. Nb5 cxb5 8.
Bxb5+ Bd7 9. Bc4 Nec6 10. c3 Na6 11. b3 Nc5 12. Qh5+ g6 13. Qh4 O-O-O 14. a4 g5
15. Qh5 Nxe4 16. Ba3 Qxd2+ 17. Kf1 Qxf2# 0-1

[Event "????"]
[Site "http://www.queenalice.com/game.php?id=1261261"]
[Date "2014.3.1"]
[Round "-"]
[White "talsicht"]
[Black "Schichtl"]
[Result "0-1"]
[WhiteElo "1126"]
[BlackElo "1622"]

1. Nf3 f6 2. Nc3 c6 3. e4 e5 4. d4 d6 5. dxe5 fxe5 6. Bg5 Be7 7. Be3 Nf6 8. Nd2
b5 9. Nxb5 cxb5 10. Bxb5+ Bd7 11. Bxd7+ Qxd7 12. c4 Nc6 13. f3 Nb4 14. a3 Nd3+
15. Ke2 Nxb2 16. Qb3 Na4 17. h3 Nh5 18. Kf2 O-O 19. c5+ Kh8 20. Rhc1 Rfb8 21.
Qd5 Bh4+ 22. Ke2 Ng3+ 23. Kd3 Qb5+ 24. Nc4 Qb3+ 25. Rc3 Qxc3# 0-1

[Event "smile"]
[Site "http://www.queenalice.com/game.php?id=1261578"]
[Date "2014.3.2"]
[Round "-"]
[White "talsicht"]
[Black "Schichtl"]
[Result "0-1"]
[WhiteElo "1126"]
[BlackElo "1624"]

1. d4 d5 2. e3 e6 3. c3 Nf6 4. Nf3 Ng4 5. Na3 Be7 6. h3 Nf6 7. Qb3 Ne4 8. Bb5+
c6 9. Ba4 Qd6 10. c4 O-O 11. c5 Qc7 12. Qb4 a5 13. Qb3 Bd7 14. h4 b5 15. Nxb5
cxb5 16. Bxb5 Bc6 17. Bxc6 Nxc6 18. Qc2 Nb4 19. Qe2 Bf6 20. a3 Nc6 21. b4 axb4
22. axb4 Rxa1 23. Kd1 Nc3+ 24. Kd2 Nxe2 25. Kxe2 Nxb4 26. h5 Qa5 27. g4 Qa2+ 28.
Kd1 Qc2+ 29. Ke1 Rxc1# 0-1

[Event "lecker EIS"]
[Site "http://www.queenalice.com/game.php?id=1262346"]
[Date "2014.3.5"]
[Round "-"]
[White "talsicht"]
[Black "Schichtl"]
[Result "0-1"]
[WhiteElo "1126"]
[BlackElo "1605"]

1. e4 e5 2. Nc3 c6 3. Nf3 f6 4. d4 d6 5. d5 Ne7 6. Bc4 b5 7. Bd3 a6 8. Be3 Bb7
9. Nh4 cxd5 10. Nxb5 axb5 11. Bxb5+ Bc6 12. Qe2 Qa5+ 13. Bd2 Qb6 14. a4 dxe4 15.
O-O Nd7 16. Ra3 Nc5 17. b3 Bxb5 18. c4 Bd7 19. a5 Qb7 20. Rfa1 Nxb3 21. Qh5+ g6
22. Qd1 Nxa1 23. Qxa1 g5 24. Nf3 Bg4 25. Ne1 Nc6 26. f3 Be6 27. fxe4 Qa7+ 28.
Kh1 Bxc4 29. Rc3 Qf2 30. Rf3 Qxd2 31. Rxf6 Rxa5 32. Qb1 Be7 33. Rf5 Nd4 34. Nf3
Nxf3 35. Rxf3 Rb5 36. Qg1 Bd3 37. Rf5 Bxe4 38. Rf1 Rb2 39. Re1 Bxg2+ 40. Qxg2
Qxg2# 0-1

[Event "15 Uhr!!!!"]
[Site "http://www.queenalice.com/game.php?id=1265136"]
[Date "2014.3.15"]
[Round "-"]
[White "talsicht"]
[Black "Schichtl"]
[Result "0-1"]
[WhiteElo "1125"]
[BlackElo "1639"]

1. Nf3 f6 2. Nh4 d6 3. e4 g5 4. Nf5 Nh6 5. Nxh6 Bxh6 6. Qh5+ Kd7 7. Qxh6 Qf8 8.
Qh3+ Kd8 9. Qe3 Nc6 10. Na3 Nb4 11. d4 Qe8 12. Nb5 Qc6 13. Qe2 Nxc2+ 14. Qxc2
Qxc2 15. Be3 Qxe4 16. h4 g4 17. Nc3 Qc2 18. Bd2 Qxb2 19. Rb1 Qc2 20. a4 b6 21.
Rc1 Qf5 22. Be2 Bb7 23. Rb1 Rg8 24. O-O Qc2 25. Rfd1 g3 26. Rbc1 gxf2+ 27. Kxf2
Rxg2+ 28. Ke3 Qf5 29. Rf1 Rg3+ 30. Bf3 Rxf3+ 31. Ke2 Ba6+ 32. Kd1 Rxf1+ 33. Be1
Qd3# 0-1

[Event "rotes top!!"]
[Site "http://www.queenalice.com/game.php?id=1266354"]
[Date "2014.3.19"]
[Round "-"]
[White "Schichtl"]
[Black "talsicht"]
[Result "1-0"]
[WhiteElo "1641"]
[BlackElo "1125"]

1. e4 e5 2. d3 Nc6 3. c3 b5 4. a3 Bc5 5. Nf3 d6 6. Be3 Na5 7. b4 Bxe3 8. fxe3
Nc6 9. d4 exd4 10. Bxb5 Bb7 11. Qxd4 Nf6 12. e5 Ng4 13. Qxg4 O-O 14. O-O a6 15.
Bd3 Nxe5 16. Nxe5 dxe5 17. Bc4 Qc8 18. Qf3 Bxf3 19. Rxf3 e4 20. Rf4 Qb7 21. Nd2
Rad8 22. Nxe4 Qc6 23. Bb3 Rd3 24. Kf2 Re8 25. Bxf7+ Kh8 26. Bxe8 Qxe8 27. Ke2
Qd8 28. c4 Rd7 29. Ra2 c6 30. g4 a5 31. Ng5 Qxg5 32. Rf8# 1-0

[Event "Küche"]
[Site "http://www.queenalice.com/game.php?id=1267841"]
[Date "2014.3.24"]
[Round "-"]
[White "talsicht"]
[Black "Schichtl"]
[Result "0-1"]
[WhiteElo "1125"]
[BlackElo "1653"]

1. e4 e5 2. Nf3 f6 3. Bd3 Nc6 4. c4 g5 5. h3 d6 6. g4 h5 7. b4 hxg4 8. Ng1 Nxb4
9. Qe2 gxh3 10. a3 Nxd3+ 11. Qxd3 Bg4 12. f3 Bd7 13. Nc3 h2 14. Nge2 Rh3 15. Bb2
g4 16. Nd5 g3 17. Nxg3 Rxg3 18. Rxh2 Rg1+ 19. Kf2 Rxa1 20. Bxa1 Ne7 21. Nxf6+
Kf7 22. Nh7 Bg7 23. f4 Qh8 24. Qh3 Bxh3 25. Rxh3 exf4 26. Bxg7 Qxg7 27. Kf3 Qd4
28. Ng5+ Kf6 29. Nh7+ Kg6 30. Kxf4 Qxd2+ 31. Kg4 Rh8 32. Nf6 Rxh3 33. Kxh3 Kxf6
34. a4 Kg5 35. c5 Qe3+ 0-1

[Event "einsamer See im Wald"]
[Site "http://www.queenalice.com/game.php?id=1270240"]
[Date "2014.4.4"]
[Round "-"]
[White "talsicht"]
[Black "Schichtl"]
[Result "0-1"]
[WhiteElo "1125"]
[BlackElo "1665"]

1. e4 e5 2. Qh5 Nc6 3. Nf3 Qf6 4. Bc4 g6 5. Qh4 Nb4 6. Na3 Be7 7. c3 Nc6 8. Nb5
Kd8 9. Qxf6 Bxf6 10. Bxf7 Nh6 11. Bc4 d6 12. d4 a6 13. Nxc7 Kxc7 14. Be3 Na5 15.
Bd5 Ng4 16. O-O Nxe3 17. fxe3 Rb8 18. b4 Nc6 19. b5 axb5 20. c4 b4 21. a4 exd4
22. exd4 Nxd4 23. Nd2 Ne2+ 24. Kh1 Bxa1 25. Rxa1 Rf8 26. c5 dxc5 27. Bc4 Nd4 28.
a5 Ra8 29. Rf1 Rxf1+ 30. Nxf1 Rxa5 31. Ne3 Ra1+ 32. Bf1 b3 33. Kg1 b2 34. Nc2
Nxc2 35. e5 b1=Q 36. h4 Qxf1+ 37. Kh2 Ne3 38. Kg3 Qxg2+ 39. Kf4 Nd5# 0-1

[Event "skihaserl"]
[Site "http://www.queenalice.com/game.php?id=1273172"]
[Date "2014.4.14"]
[Round "-"]
[White "talsicht"]
[Black "Schichtl"]
[Result "0-1"]
[WhiteElo "1125"]
[BlackElo "1676"]

1. e4 g6 2. f4 e6 3. h4 Nc6 4. d4 Nf6 5. e5 Ne4 6. Qf3 d5 7. Ne2 b6 8. Nd2 Nb4
9. Kd1 Be7 10. Nxe4 dxe4 11. Qxe4 Rb8 12. c3 Nd5 13. Ng3 Bxh4 14. Rh3 Be7 15. f5
exf5 16. Qb1 f4 17. Ne4 Bxh3 18. gxh3 Ne3+ 19. Bxe3 fxe3 20. b4 Qd5 21. Ke2 Qc4+
22. Kxe3 Qc6 23. b5 Qd7 24. a4 f5 25. Ng3 Bg5+ 26. Kf2 f4 27. Ne4 Bh4+ 28. Kf3
O-O 29. Nf6+ Bxf6 30. exf6 Rxf6 31. h4 Rc8 32. a5 c6 33. Qb3+ Qf7 34. Qc2 cxb5
35. a6 Rfc6 36. Bxb5 Rxc3+ 37. Qxc3 Rxc3+ 38. Ke2 Qb3 39. Bd7 Qb2+ 40. Kd1 Qxa1+
41. Kd2 Qb2+ 42. Ke1 Rc1# 0-1

[Event "Challenge"]
[Site "http://www.queenalice.com/game.php?id=1274520"]
[Date "2014.4.19"]
[Round "-"]
[White "Schichtl"]
[Black "talsicht"]
[Result "1-0"]
[WhiteElo "1678"]
[BlackElo "1123"]

1. e4 Nf6 2. d3 Nc6 3. Be3 Ne5 4. f3 e6 5. Nc3 Nh5 6. f4 Nxd3+ 7. cxd3 Qh4+ 8.
g3 Nxg3 9. hxg3 Qxh1 10. f5 e5 11. Qe2 d6 12. Nd5 Bd7 13. Nxc7+ Kd8 14. Nxa8 Kc8
15. Qg2 Qh5 16. Be2 Qxe2+ 17. Nxe2 Kb8 18. Rc1 Kxa8 19. Rc7 d5 20. Rxd7 Bb4+ 21.
Bd2 a5 22. Qh3 Kb8 23. exd5 f6 24. Rxg7 h6 25. Kd1 Bf8 26. Rf7 Bd6 27. Rxf6 Be7
28. Rxh6 Rxh6 29. Qxh6 Kc8 30. f6 Bd6 31. f7 b5 32. Qxd6 1-0

[Event "Würstchen"]
[Site "http://www.queenalice.com/game.php?id=1275295"]
[Date "2014.4.22"]
[Round "-"]
[White "Schichtl"]
[Black "talsicht"]
[Result "1-0"]
[WhiteElo "1680"]
[BlackElo "1121"]

1. d4 d5 2. Nc3 c6 3. f3 e6 4. Nh3 h6 5. Be3 Nf6 6. Qd3 Na6 7. O-O-O Nb4 8. Qd2
Qa5 9. Kb1 Nh5 10. Nf4 Nxf4 11. Bxf4 g5 12. Be5 Rh7 13. a3 Na6 14. Qd3 f5 15. e4
c5 16. exd5 Bg7 17. Nb5 cxd4 18. Nd6+ Ke7 19. Nxc8+ Rxc8 20. Qxd4 Ra8 21. Bxg7
Nc5 22. d6+ Kd7 23. b4 Qxa3 24. bxc5 Rg8 25. Bb5+ Kd8 26. Bf6+ Kc8 27. d7+ Kc7
28. Qd6# 1-0

[Event "Radfahren mit Dir"]
[Site "http://www.queenalice.com/game.php?id=1275503"]
[Date "2014.4.23"]
[Round "-"]
[White "Schichtl"]
[Black "talsicht"]
[Result "0-1"]
[WhiteElo "1684"]
[BlackElo "1119"]

1. e4 e5 2. Nc3 Nc6 3. Bc4 Nd4 4. Qh5 Ne6 5. Qxe5 d6 6. Bb5+ Bd7 7. Nf3 dxe5 8.
Bxd7+ Qxd7 9. Nxe5 Qd6 10. Nf3 Nd4 11. Kd1 Nxf3 12. gxf3 g6 13. Nb5 Qf6 14.
Nxc7+ Kd8 15. Nxa8 Qxf3+ 16. Ke1 Qxh1+ 17. Ke2 Qxe4+ 18. Kf1 Bc5 19. d3 Qh1+ 20.
Ke2 Nf6 21. b3 Re8+ 22. Kd2 Qe1# 0-1

[Event "Banane"]
[Site "http://www.queenalice.com/game.php?id=1275506"]
[Date "2014.4.23"]
[Round "-"]
[White "Schichtl"]
[Black "talsicht"]
[Result "1/2-1/2"]
[WhiteElo "1635"]
[BlackElo "1149"]

1. e4 Nf6 2. f3 Nc6 3. Nc3 e5 4. d3 Nb4 5. a3 Na6 6. Nh3 Nh5 7. f4 Qh4+ 8. Kd2
Bd6 9. Nb5 Bc5 10. Qe1 Qd8 11. b4 Nxb4 12. axb4 Bxb4+ 13. c3 Bc5 14. fxe5 O-O
15. d4 Bb6 16. Kc2 d6 17. Qd1 g6 18. Qf3 c6 19. Nxd6 Bxh3 20. gxh3 c5 21. d5 f6
22. Bh6 Ng7 23. e6 Qxd6 24. Bf4 Qd8 25. Bc4 Bc7 26. Qg3 Bxf4 27. Qxf4 g5 28. Qg3
Nh5 29. Qd3 Nf4 30. Qd2 Nxh3 31. d6 f5 32. e7+ Rf7 33. Qxg5+ Nxg5 34. exd8=Q+
Rxd8 35. Bxf7+ Kxf7 36. h4 Nxe4 37. Rhd1 b5 38. Rxa7+ Kg8 39. Ra5 b4 40. c4 Nf2
41. Rd5 Rb8 42. Rxf5 b3+ 43. Kb1 Nd1 44. Rb5 Nc3+ 45. Kb2 Nxb5 46. cxb5 c4 47.
d7 Kg7 48. Rd5 Rd8 49. Rd4 Kf7 50. b6 Ke6 51. b7 Ke5 52. b8=Q+ Rxb8 53. d8=Q
Rxd8 54. Rxd8 Ke4 55. Kc3 h5 56. Rd4+ Kf3 57. Rxc4 Ke3 58. Kxb3 Kd3 59. Rc5 Ke4
60. Rxh5 Kf4 61. Rh8 Kg4 62. Kc3 Kf5 63. Rg8 Kf6 64. h5 Kf7 65. Rg1 Kf8 66. h6
Ke7 67. h7 Kd6 68. h8=Q Kc5 69. Qd4+ Kc6 70. Rg5 Kc7 71. Qf6 Kd7 72. Rg7+ Ke8
73. Ra7 1/2-1/2

[Event "Challenge"]
[Site "http://www.queenalice.com/game.php?id=1275511"]
[Date "2014.4.23"]
[Round "-"]
[White "JORAM2205"]
[Black "talsicht"]
[Result "1-0"]
[WhiteElo "1138"]
[BlackElo "1149"]

1. e4 Nf6 2. Nc3 Nc6 3. Nf3 d5 4. e5 d4 5. Na4 Ne4 6. Qe2 f5 7. d3 Nxf2 8. Qxf2
e6 9. Bg5 Qd5 10. b3 Bb4+ 11. Bd2 Ba3 12. c4 Qd8 13. Be2 Nb4 14. O-O a6 15. Bg5
Qd7 16. Nxd4 b5 17. Nc5 Qf7 18. cxb5 h6 19. Qf3 Rb8 20. bxa6 hxg5 21. a7 O-O 22.
axb8=Q Na6 23. Nxa6 Bxa6 24. Qa7 g4 25. Qc6 Bb2 26. Rab1 Bxd4+ 27. Qxd4 Bc8 28.
Bxg4 fxg4 29. Rxf7 Kxf7 30. Rf1+ Kg8 31. Rxf8+ Kxf8 32. Qd8+ Kf7 33. Qce8# 1-0

[Event "Challenge"]
[Site "http://www.queenalice.com/game.php?id=1275512"]
[Date "2014.4.23"]
[Round "-"]
[White "JORAM2205"]
[Black "talsicht"]
[Result "1-0"]
[WhiteElo "1100"]
[BlackElo "1119"]

1. e4 e5 2. Nf3 f6 3. d3 Nc6 4. Nc3 Nb4 5. a3 Na6 6. Be3 Nh6 7. d4 Ng4 8. Bd2
Nxf2 9. Kxf2 exd4 10. Nxd4 Bc5 11. Be3 d6 12. Kg1 g6 13. Bc4 f5 14. exf5 gxf5
15. Qh5+ Kf8 16. Qf7# 1-0

[Event "Let's Play Chess!"]
[Site "http://www.queenalice.com/game.php?id=1278464"]
[Date "2014.5.3"]
[Round "-"]
[White "igorjava"]
[Black "talsicht"]
[Result "1-0"]
[WhiteElo "1933"]
[BlackElo "1161"]

1. e4 e5 2. f4 Nf6 3. Nc3 d5 4. exd5 Bg4 5. Nf3 Bh5 6. Bc4 Na6 7. fxe5 Ng4 8. d4
c5 9. h3 Nh6 10. g4 Nxg4 11. hxg4 Bxg4 12. Be3 Be7 13. d6 Bxd6 14. exd6 Qxd6 15.
Bxf7+ Kxf7 16. Ne5+ Qxe5 17. dxe5 Bxd1 18. Rxd1 Rhe8 19. Bf4 Nb4 20. Kd2 c4 21.
Rxh7 Rh8 22. Rdh1 Rhg8 23. a3 Na6 24. Bg3 Nc5 25. R7h4 b5 26. Nxb5 Ke7 27. Kc1
Kd7 28. Rxc4 Ne6 29. Nd4 Ng5 30. e6+ Ke7 31. Bh4 Kf6 32. Rg1 Rac8 33. Rxc8 Rxc8
34. Bxg5+ Ke5 35. c3 a5 36. e7 a4 37. Bh4 g6 38. Re1+ Kf4 39. e8=Q Rxe8 40. Rxe8
g5 41. Ne6+ 1-0

[Event "Badesee in Malsch"]
[Site "http://www.queenalice.com/game.php?id=1278483"]
[Date "2014.5.3"]
[Round "-"]
[White "Schichtl"]
[Black "talsicht"]
[Result "1-0"]
[WhiteElo "1640"]
[BlackElo "1163"]

1. e4 e5 2. Nc3 Nf6 3. f3 Nh5 4. f4 Qh4+ 5. g3 Nxg3 6. Nf3 Qh5 7. Rg1 Nxf1 8.
Rxf1 exf4 9. Nd5 Na6 10. d3 Bd6 11. Bxf4 Bc5 12. Bxc7 Nxc7 13. Nxc7+ Kd8 14.
Nxa8 f5 15. e5 g5 16. d4 Be7 17. Qd3 g4 18. Nd2 Bh4+ 19. Kd1 g3+ 20. Qf3 Qh6 21.
hxg3 Be7 22. Qxf5 Rf8 23. Qg4 Rxf1+ 24. Nxf1 d6 25. Qg8+ Qf8 26. Qxf8+ Bxf8 27.
Kd2 Bh3 28. e6 Bxe6 29. a3 Kc8 30. Re1 Bd7 31. Ne3 Kb8 32. Rf1 Be7 33. Rf7 Kxa8
34. Rxe7 Bc8 35. Re8 Kb8 36. Nd5 h5 37. Rh8 a5 38. Nb6 Kc7 39. Nxc8 Kc6 40. Ne7+
Kb6 41. Rxh5 Ka7 42. Rxa5+ Kb6 43. b4 Kc7 44. g4 Kd7 45. Nd5 b6 46. Nxb6+ Kc6
47. Nc4 d5 48. Rc5+ Kd7 49. Ne5+ Kd6 50. g5 Ke6 51. g6 Kf6 52. b5 Kg7 53. b6 Kf6
54. b7 Kf5 55. b8=Q Ke4 56. c3 Kf4 57. Rxd5 Ke4 58. Rb5 Kf5 59. Nf3+ Kxg6 60.
Qd6+ Kf7 61. Rb7+ Ke8 62. Qb8# 1-0

[Event "Challenge"]
[Site "http://www.queenalice.com/game.php?id=1321819"]
[Date "2014.11.12"]
[Round "-"]
[White "talsicht"]
[Black "Schichtl"]
[Result "0-1"]
[WhiteElo "1159"]
[BlackElo "1624"]

1. Nc3 c6 2. b4 a6 3. Nf3 f6 4. a4 Nh6 5. a5 e6 6. e4 Bxb4 7. Na2 Qxa5 8. Rb1 c5
9. Nxb4 cxb4 10. Nd4 Nc6 11. Nb3 Qe5 12. d4 Qxe4+ 13. Be3 Nf5 14. Nc5 Qd5 15. c4
Qd6 16. d5 Nxe3 17. fxe3 Qxc5 18. dxc6 bxc6 19. Qh5+ Qxh5 20. c5 Qxc5 0-1